<?xml version="1.0" encoding="UTF-8"?>
<record
    xmlns:xsi="http://www.w3.org/2001/XMLSchema-instance"
    xsi:schemaLocation="http://www.loc.gov/MARC21/slim http://www.loc.gov/standards/marcxml/schema/MARC21slim.xsd"
    xmlns="http://www.loc.gov/MARC21/slim">

  <leader>00792nam a22002537a 4500</leader>
  <controlfield tag="005">20170123162301.0</controlfield>
  <datafield tag="010" ind1=" " ind2=" ">
    <subfield code="a">A-518987</subfield>
  </datafield>
  <datafield tag="020" ind1=" " ind2=" ">
    <subfield code="c">80.00</subfield>
  </datafield>
  <datafield tag="035" ind1=" " ind2=" ">
    <subfield code="a">A-518987</subfield>
  </datafield>
  <datafield tag="037" ind1=" " ind2=" ">
    <subfield code="b">Cen Lib/Ret</subfield>
  </datafield>
  <datafield tag="040" ind1=" " ind2=" ">
    <subfield code="a">DPL</subfield>
    <subfield code="b">UR</subfield>
  </datafield>
  <datafield tag="082" ind1=" " ind2=" ">
    <subfield code="a">840.08</subfield>
  </datafield>
  <datafield tag="100" ind1=" " ind2=" ">
    <subfield code="a">&#x645;&#x62D;&#x645;&#x648;&#x62F; &#x6CC;&#x627;&#x636;</subfield>
    <subfield code="9">136789</subfield>
  </datafield>
  <datafield tag="245" ind1=" " ind2=" ">
    <subfield code="a">: &#x633;&#x648;&#x6AF;&#x62A; </subfield>
    <subfield code="c"> &#x645;&#x62D;&#x645;&#x648;&#x62F; &#x6CC;&#x627;&#x636;</subfield>
  </datafield>
  <datafield tag="246" ind1=" " ind2=" ">
    <subfield code="a">Sogat</subfield>
    <subfield code="b">by Mehmood Ayaz</subfield>
  </datafield>
  <datafield tag="260" ind1=" " ind2=" ">
    <subfield code="a">&#x628;&#x646;&#x6AF;&#x644;&#x648;&#x631;</subfield>
    <subfield code="b">&#x645;&#x62D;&#x645;&#x648;&#x62F; &#x6CC;&#x627;&#x636;</subfield>
    <subfield code="c">1992</subfield>
  </datafield>
  <datafield tag="270" ind1=" " ind2=" ">
    <subfield code="a">-&#x62A;&#x6BE;&#x631;&#x62F;&#x645;&#x6CC;&#x646; &#x62F;&#x641;&#x646;&#x6A9; &#x6A9;&#x648;&#x644;&#x648;&#x646;&#x6CC; &#x646;&#x62F;&#x631;&#x627;&#x646;&#x6AF;&#x631;</subfield>
    <subfield code="b">&#x628;&#x646;&#x6AF;&#x644;&#x648;&#x631;</subfield>
    <subfield code="e">560038</subfield>
  </datafield>
  <datafield tag="300" ind1=" " ind2=" ">
    <subfield code="a">413p.</subfield>
    <subfield code="c">20cm (pbk)</subfield>
  </datafield>
  <datafield tag="650" ind1=" " ind2=" ">
    <subfield code="a">&#x627;&#x631;&#x62F;&#x648; &#x627;&#x62F;&#x628;</subfield>
    <subfield code="v">&#x631;&#x633;&#x627;&#x644;&#x6C1;</subfield>
    <subfield code="9">136790</subfield>
  </datafield>
  <datafield tag="650" ind1=" " ind2=" ">
    <subfield code="a">&#x627;&#x631;&#x62F;&#x648; &#x627;&#x62F;&#x628;- &#x646;&#x632;&#x645;</subfield>
    <subfield code="9">447</subfield>
  </datafield>
  <datafield tag="650" ind1=" " ind2=" ">
    <subfield code="a">Urdu Literature</subfield>
    <subfield code="v">Magazine</subfield>
    <subfield code="9">448</subfield>
  </datafield>
  <datafield tag="650" ind1=" " ind2=" ">
    <subfield code="a">Urdu Literature Poetry</subfield>
    <subfield code="9">449</subfield>
  </datafield>
  <datafield tag="942" ind1=" " ind2=" ">
    <subfield code="2">ddc</subfield>
    <subfield code="c">UR</subfield>
    <subfield code="h">840.08</subfield>
    <subfield code="m">&#x645; &#x62D; &#x645;</subfield>
  </datafield>
  <datafield tag="999" ind1=" " ind2=" ">
    <subfield code="c">106000</subfield>
    <subfield code="d">106000</subfield>
  </datafield>
  <datafield tag="952" ind1=" " ind2=" ">
    <subfield code="0">0</subfield>
    <subfield code="1">0</subfield>
    <subfield code="4">0</subfield>
    <subfield code="7">1</subfield>
    <subfield code="8">REF</subfield>
    <subfield code="a">L</subfield>
    <subfield code="b">L</subfield>
    <subfield code="d">2015-05-26</subfield>
    <subfield code="e">Cen Lib/Ret</subfield>
    <subfield code="g">80.00</subfield>
    <subfield code="l">0</subfield>
    <subfield code="o">840.08 &#x645; &#x62D; &#x645;</subfield>
    <subfield code="p">A-518987</subfield>
    <subfield code="r">2015-05-26 00:00:00</subfield>
    <subfield code="t">Cen Lib/Ret</subfield>
    <subfield code="v">840.00</subfield>
    <subfield code="w">2015-05-26</subfield>
    <subfield code="y">UR</subfield>
  </datafield>
</record>
